| 000 | 01000nam a22002297a 4500 | ||
|---|---|---|---|
| 005 | 20240530110508.0 | ||
| 008 | 151024s2011 ua a f 000 0 ara d | ||
| 017 |
_a2011/5136 _bمصر . دار الكتب المصرية |
||
| 040 | _aEG-CaGPL | ||
| 082 | 0 | 4 |
_221 _a305.5 _bق/أ ص |
| 100 | 0 | _aاحمد بهاء الدين شعبان . | |
| 245 | 1 | 0 |
_aصراع الطبقات فى مصر المعاصر : _bمقدمات ثورة 25 يناير 2011 / _cاحمد بهاء الدين شعبان . |
| 250 | _aط1. | ||
| 260 |
_a القاهرة : _bمكتبة جزيرة الورد ، _c2011 . |
||
| 300 |
_a264 ص ؛ _c24 سم . |
||
| 650 | 0 | 4 |
_aالطبقات الاجتماعية _zمصر . |
| 650 | 0 | 4 |
_aالتغير الاجتماعى _yقبل ثورة 25 يناير . _zمصر |
| 650 | 0 | 4 |
_aالصراع الاجتماعى _zمصر . |
| 651 | 0 | 4 |
_aمصر _xالاحوال الاجتماعية _yقبل ثورة 25 يناير . |
| 942 |
_2ddc _cBK |
||
| 999 |
_c61615 _d61615 |
||